000 01006nam a22002057a 4500
999 _c32936
_d32936
003 OSt
005 20220826220741.0
008 150408b xxu||||| |||| 00| 0 eng d
040 _cBMC
_aBMC
082 _a657
100 1 _946117
_aCortez Morales, Victoría Alejandra
245 1 0 _aAnálisis de la norma internacional de contabilidad número 11 relativa a los contratos de construcción, desde el punto de vista tributario en El Salvador
_b: Investigación, informe final
_cVictoría Alejandra Cortez Morales
260 _aSanta Ana (El Salvador)
_bUniversidad Católica de El Salvador
_c2021
300 _a45 + [4] h.
_c28 cm
_e+ 1 disco compacto
500 _aPrecede al tít.: Universidad Católica de El Salvador, Facultad de Ciencias Empresariales
502 _aTrabajo de graduación para optar al grado académico de Licenciatura en Contaduria Pública
650 0 _9877
_aContabilidad
710 2 _91067
_aUniversidad Católica de El Salvador
_bFacultad de Ciencias Empresariales
942 _2ddc
_cTG